| 000 | 00613nam a22002177a 4500 | ||
|---|---|---|---|
| 003 | OSt | ||
| 005 | 20180116183018.0 | ||
| 008 | 151027b xxu||||| |||| 00| 0 eng d | ||
| 020 | _a9788126509683 | ||
| 040 | _c0 | ||
| 082 | _a658.05 TUR 2014 | ||
| 100 | _aTurban . Rainer. Potter | ||
| 245 |
_aIntroduction to Information Technology _cTurban . Rainer. Potter |
||
| 250 | _a2nd Ed. | ||
| 260 |
_aNew Delhi _bWiley _c2014 |
||
| 300 |
_a340 p. Aprox _bPB |
||
| 440 | _aIntroduction to Information Technology | ||
| 600 | _aTurban . Rainer. Potter | ||
| 700 | _aTurban . Rainer. Potter | ||
| 942 |
_2ddc _cBK |
||
| 999 |
_c350481 _d350481 |
||